Fuerzas de unificación / (Record no. 101978)

MARC details
000 -LEADER
campo de control de longitud fija 00508nam a2200169 i 4500
001 - NÚMERO DE CONTROL
campo de control 101978
003 - IDENTIFICADOR DE NÚMERO DE CONTROL
campo de control ES-MaACL
005 - FECHA Y HORA DE LA ÚLTIMA TRANSACCIÓN
campo de control 20230906183025.0
007 - CAMPO FIJO DE DESCRIPCIÓN FÍSICA--INFORMACIÓN GENERAL
campo de control de longitud fija t|
008 - DATOS DE LONGITUD FIJA--INFORMACIÓN GENERAL
campo de control de longitud fija 051028s1929 fr ||||1| spa d
100 1# - ENTRADA PRINCIPAL--NOMBRE DE PERSONA
Nombre de persona Méndez Pereira, Octavio.
9 (RLIN) 80168
245 10 - MENCIÓN DEL TÍTULO
Título Fuerzas de unificación /
Mención de responsabilidad, etc. por Octavio Méndez Pereira; prefacio de Alejandro Alvarez.
260 ## - PUBLICACIÓN, DISTRIBUCIÓN, ETC.
Lugar de publicación, distribución, etc. Paris :
Nombre del editor, distribuidor, etc. Le livre libre,
Fecha de publicación, distribución, etc. 1929.
300 ## - DESCRIPCIÓN FÍSICA
Extensión 176 p. ;
Dimensiones 19 cm.
700 1# - ENTRADA AGREGADA--NOMBRE PERSONAL
Nombre de persona Alvarez, Alejandro.
9 (RLIN) 20610
852 ## - LOCALIZACIÓN
Ubicación ES-MaACL
Número de control de estantería B-12851
Holdings
Estatus retirado Estado de pérdida Estado de daño No para préstamo Biblioteca de origen Biblioteca actual Ubicación en estantería Fecha de adquisición Fuente de adquisición Total de préstamos Signatura topográfica completa Código de barras Visto por última vez Precio de reemplazo Tipo de ítem Koha
        Biblioteca del Ateneo de Madrid Biblioteca del Ateneo de Madrid Sala Pardo Bazán 17/01/2008     B-12851 1106460 23/02/2023 23/02/2023 Libro impreso